000 00518nam a22001937a 4500
003 KOHA_MİRAKIL
005 20251116164234.0
008 251116b tu ||||| |||| 00| 0 tur d
020 _a9789750741159
040 _aTR-AnABB
_btur
_cTR-AnABB
041 _atur
082 _a813.42
_bGEZ 2019
100 1 _aGezgin, Deniz,
245 1 0 _aAhraz /
_cDeniz Gezgin
260 _aİstanbul :
_bCan Sanat Yayınları,
_c2019
300 _a196 sayfa ;
_c20 cm
650 0 4 _aTürk edebiyatı, roman
942 _2ddc
_cBK
999 _c9455
_d9455
900 _bGizem YORULMAZ